000 00876nam a2200217Ii 4500
003 JO-AjNU
008 230605s9999||||xx |||||||||||||| ||und||
017 _a2006/16264
020 _a977-237-270-3
040 _aJO-AjNU
_bara
_erda
_cJO-AjNU
041 _aara
050 1 4 _aHG221 2006
100 3 _aبدوي، بلال عبد المطلب ,
_eauthor
_932528
245 0 0 _aالالتزام بالافصاح عن المعلومات في سوق الاوراق المالية: دراسة مقارنة في القانونين المصري والاماراتي
264 3 1 _aالقاهرة: دار النهضة العربية، 2006
300 _a150ص
_bيحتوي على ببلوغرافية من 139-150ص
336 _atext
_btxt
_2rdacontent
337 _aunmediated
_bn
_2rdamedia
338 _avolume
_bnc
_2rdacarrier
650 4 _aالاوراق المالية
_932529
999 _aA13142
_c16710
_d16710